[Event "XXV OOM - Mistrzostwa Polski Juniorow Mlodszych - Chlopcy do lat 14"]
[Site "Sielpia"]
[Date "1899-12-30"]
[Round "7.10"]
[White "Zdybel, Przemyslaw"]
[Black "Babiarz, Arkadiusz"]
[Result "0-1"]
[WhiteTitle "I"]
[BlackTitle "I++"]
[WhiteElo "1698"]
[BlackElo "1839"]

1. e4 c5 2. Nf3 e6 3. d4 cxd4 4. Nxd4 a6 5. Bd3 g6 6. Qe2 Bg7 7. Nb3 d6 8. c4 Nf6
9. Nc3 O-O 10. Be3 b6 11. f3 Nbd7 12. a4 Bb7 13. O-O Nc5 14. Nxc5 bxc5 15. e5
dxe5 16. Bxc5 Re8 17. Be3 Qc7 18. Rab1 Rac8 19. b4 Nd7 20. c5 Ra8 21. Rfc1 f5
22. b5 Nxc5 23. Na2 Bf8 24. b6 Qd7 25. Rxc5 Bxc5 26. Bxc5 Rac8 27. Bf2 Qxa4 28.
Nb4 Rc3 29. Bxa6 Rec8 30. Bxb7 Rc1+ 31. Rxc1 Rxc1+ 32. Be1 Qxb4 33. Kf1 Qxb6 34.
Ba6 Qd4 35. Qf2 Kf7 36. Be2 Ke7 37. Qxd4 exd4 38. f4 Kd6 39. Bd3 Ra1 40. Ke2 Kd5
41. Bb4 h6 42. Bd2 Ra2 43. h4 e5 44. fxe5 Kxe5 45. Bc4 Rb2 46. Kd3 f4 47. Bf7
g5 48. hxg5 hxg5 49. Bh5 Rb3+ 50. Ke2 d3+ 51. Kf3 Kd4 52. Kf2 Rb2 53. Ke1 Rb1+
54. Kf2 Rh1 55. Bg4 Ke4 56. Be1 Rh4 57. Bf3+ Kf5 0-1

[Event "XXV OOM - Mistrzostwa Polski Juniorow Mlodszych - Chlopcy do lat 14"]
[Site "Sielpia"]
[Date "1899-12-30"]
[Round "7.11"]
[White "Jedraszek, Pawel"]
[Black "Kaliszuk, Kamil"]
[Result "1/2-1/2"]
[WhiteTitle "I"]
[BlackTitle "I"]
[WhiteElo "1753"]
[BlackElo "1674"]

1. e4 c5 2. Nf3 Nc6 3. d4 cxd4 4. Nxd4 g6 5. Nc3 Bg7 6. Be3 Nf6 7. Nxc6 bxc6 8.
e5 Ng8 9. Bd4 f6 10. Qe2 fxe5 11. Bxe5 Nf6 12. Bd6 Ba6 13. Qxe7+ Qxe7+ 14. Bxe7
Bxf1 15. Bxf6 Bxf6 16. Rxf1 Rb8 17. Kd2 Rxb2 18. Rab1 Rxb1 19. Rxb1 Ke7 20. Kd3
Bxc3 21. Kxc3 Rf8 22. f3 Rf5 23. a4 Rh5 24. h3 Rg5 25. g4 Rc5+ 26. Kd3 Rd5+ 27.
Kc3 Rc5+ 28. Kd3 Rd5+ 29. Kc3 Rc5+ 30. Kd3 Rd5+ 31. Ke4 1/2-1/2

[Event "XXV OOM - Mistrzostwa Polski Juniorow Mlodszych - Chlopcy do lat 14"]
[Site "Sielpia"]
[Date "1899-12-30"]
[Round "7.12"]
[White "Budzisz, Adrian"]
[Black "Pazdzierz, Piotr"]
[Result "1-0"]
[WhiteTitle "I"]
[BlackTitle "I"]
[WhiteElo "1788"]
[BlackElo "1639"]

1. d4 Nf6 2. Nf3 d5 3. c4 c6 4. e3 e6 5. Bd3 a6 6. b3 Nbd7 7. O-O Be7 8. Bb2 O-O
9. Nbd2 b5 10. c5 a5 11. a3 Qc7 12. b4 a4 13. h3 Re8 14. g4 Nf8 15. Ne5 N6d7 16.
f4 g6 17. Qf3 f5 18. Qg3 Nxe5 19. fxe5 Kh8 20. Rf2 Nd7 21. Rg2 Nb8 22. Rf1 Bd8
23. h4 Ra7 24. h5 gxh5 25. gxf5 exf5 26. Bxf5 Bxf5 27. Rxf5 h4 28. Qf4 Qe7 29.
e6 Bc7 30. Qf3 Bg3 31. Rf7 Qxe6 32. Rxa7 Nd7 33. e4 Rf8 34. Qe2 Rg8 35. Nf1 Qh3
36. exd5 cxd5 37. Nxg3 hxg3 38. c6 Nf6 39. Qe5 Qh2+ 40. Rxh2 gxh2+ 41. Kxh2 1-0

[Event "XXV OOM - Mistrzostwa Polski Juniorow Mlodszych - Chlopcy do lat 14"]
[Site "Sielpia"]
[Date "1899-12-30"]
[Round "7.13"]
[White "Jeda, Maciej"]
[Black "Kolodziejski, Piotr"]
[Result "1-0"]
[WhiteTitle "I"]
[BlackTitle "I"]
[WhiteElo "1850"]
[BlackElo "1797"]

1. e4 c6 2. d4 d5 3. Nc3 dxe4 4. Nxe4 Bf5 5. Ng3 Bg6 6. Nf3 Nd7 7. Bd3 e6 8. O-O
Bd6 9. c4 Ngf6 10. Re1 O-O 11. Bxg6 hxg6 12. Bd2 c5 13. Bc3 Qc7 14. b3 Rfd8 15.
Qc2 Rac8 16. Rad1 cxd4 17. Nxd4 a6 18. a4 Nb8 19. Nf3 Bxg3 20. hxg3 Rxd1 21. Rxd1
Nc6 22. Qb2 Rd8 23. Re1 Qe7 24. b4 Na7 25. b5 axb5 26. axb5 b6 27. Bd4 Rb8 28.
Ra1 Rb7 29. Ra6 Nd7 30. Bxg7 f6 31. Bh6 g5 32. Qd4 Kh7 33. Qe4+ Kxh6 34. Qxb7
Qd6 35. Rxa7 Qd1+ 36. Kh2 Ne5 37. Qh7# 1-0

[Event "XXV OOM - Mistrzostwa Polski Juniorow Mlodszych - Chlopcy do lat 14"]
[Site "Sielpia"]
[Date "1899-12-30"]
[Round "7.14"]
[White "Bancarewicz, Aleks"]
[Black "Wojdak, Jan"]
[Result "1/2-1/2"]
[WhiteTitle "I"]
[BlackTitle "I"]
[WhiteElo "1701"]
[BlackElo "1834"]

1. e4 c5 2. Nf3 Nc6 3. d4 cxd4 4. Nxd4 g6 5. c4 Bg7 6. Be3 Nf6 7. Nc3 Ng4 8. Qxg4
Bxd4 9. Bxd4 Nxd4 10. Qd1 e5 11. Nb5 Nxb5 12. cxb5 d6 13. Bc4 O-O 14. O-O Be6
15. Bd5 Qe7 16. Qb3 Rac8 17. Rac1 Rfd8 18. Rfd1 Qd7 19. h3 Rxc1 20. Rxc1 Rc8 21.
Rxc8+ Qxc8 22. Bxe6 fxe6 23. Qe3 b6 24. Qa3 Qc7 25. Qb3 Kf7 26. g3 Qc5 27. Qa4
Qc7 28. Qd1 Qd7 29. Qf3+ Kg7 30. Qc3 Qxb5 31. Qc7+ Kh6 32. Qxd6 Qxb2 33. Qf8+
Kh5 1/2-1/2

[Event "XXV OOM - Mistrzostwa Polski Juniorow Mlodszych - Chlopcy do lat 14"]
[Site "Sielpia"]
[Date "1899-12-30"]
[Round "7.15"]
[White "Wasik, Mateusz"]
[Black "Backiel, Hubert"]
[Result "0-1"]
[WhiteTitle "I"]
[BlackTitle "I"]
[WhiteElo "1729"]
[BlackElo "1704"]

1. e4 c5 2. Nf3 e6 3. Nc3 d6 4. d4 cxd4 5. Nxd4 Nf6 6. g3 Be7 7. Bg2 O-O 8. O-O
Nc6 9. Re1 a6 10. Nb3 Qc7 11. a4 Bd7 12. f4 e5 13. h3 Nb4 14. a5 Bc6 15. Be3 Rac8
16. Qd2 Bd7 17. Bb6 Qb8 18. Rac1 Be6 19. f5 Bxb3 20. cxb3 Bd8 21. Na4 Nc6 22.
Red1 Bxb6+ 23. Nxb6 Rcd8 24. g4 Nd4 25. Qe3 Nd7 26. Nd5 Kh8 27. b4 Rc8 28. Rc3
Nb5 29. Rcc1 Nd4 30. Bf1 Qa7 31. Kh1 Rc6 32. Rc3 Re8 33. Bd3 Qb8 34. Rf1 Qd8 35.
g5 f6 36. Rg1 fxg5 37. Rxg5 Nf6 38. Qg3 Ne2 39. Qg2 Nxc3 40. Nxc3 Rc7 41. Bb1
Qe7 42. Qd2 Rd8 43. Ba2 Rxc3 44. bxc3 Nxe4 45. Rxg7 Qxg7 46. Qg2 Qxg2+ 47. Kxg2
Nxc3 48. Be6 Kg7 0-1

[Event "XXV OOM - Mistrzostwa Polski Juniorow Mlodszych - Chlopcy do lat 14"]
[Site "Sielpia"]
[Date "1899-12-30"]
[Round "7.16"]
[White "Szydlo, Michal"]
[Black "Stachecki, Mikolaj"]
[Result "1-0"]
[WhiteTitle "I"]
[BlackTitle "II+"]
[WhiteElo "1830"]
[BlackElo "1587"]

1. e4 c5 2. Nf3 d6 3. d4 cxd4 4. Nxd4 Nf6 5. Nc3 Nc6 6. Bg5 e6 7. Qd2 a6 8. O-O-O
Bd7 9. f4 b5 10. Bxf6 gxf6 11. Kb1 b4 12. Nce2 Qb6 13. Nxc6 Bxc6 14. f5 e5 15.
Ng3 h5 16. Bc4 h4 17. Nf1 Bxe4 18. Qe2 Bb7 19. Ne3 Qc5 20. Bd5 Bxd5 21. Nxd5 Rh6
22. Qe4 Rb8 23. Ne3 Be7 24. Rd5 Qc6 25. Rxe5 Qxe4 26. Rxe4 Kd7 27. Rd1 Rb5 28.
Red4 a5 29. b3 Rh7 30. Rd5 Kc6 31. Rxb5 Kxb5 32. Rd5+ Kb6 33. Kc1 Bf8 34. Kd1
Rh5 35. Ke2 Rh7 36. Kf3 Rh5 37. Kg4 Rh7 38. Nc4+ Kc6 39. Rxa5 d5 40. Nb2 Rg7+
41. Kh3 Bd6 42. Nd3 d4 43. Ra6+ Kc7 44. Nf2 Be5 45. Ne4 Kb7 46. Ra4 Kc6 47. Rxb4
Kd5 48. Nd2 Bf4 49. Nf3 Be3 50. a4 Rg8 51. Rc4 Rb8 52. a5 d3 53. cxd3 Rxb3 54.
Rc7 Rxd3 55. Rd7+ Ke4 56. Rxd3 Kxd3 57. Kxh4 Ke4 58. Kg4 Kd5 59. Kh5 Kc6 60. g4
Kb5 61. g5 Kxa5 62. g6 1-0

[Event "XXV OOM - Mistrzostwa Polski Juniorow Mlodszych - Chlopcy do lat 14"]
[Site "Sielpia"]
[Date "1899-12-30"]
[Round "7.17"]
[White "Kossowski, Pawel"]
[Black "Paprocki, Antoni"]
[Result "0-1"]
[WhiteTitle "II+"]
[BlackTitle "I"]
[WhiteElo "1589"]
[BlackElo "1778"]

1. e4 e5 2. Nf3 Nc6 3. d4 exd4 4. Nxd4 Nf6 5. Nxc6 bxc6 6. e5 Qe7 7. Qe2 Nd5 8.
c4 Nb6 9. Nc3 a5 10. b3 g6 11. f4 Bg7 12. Bb2 Ba6 13. g3 O-O 14. Bg2 Qb4 15. Qd2
Bxc4 16. Qc1 Bd5 17. Ba3 Qd4 18. Nxd5 Nxd5 19. Bxf8 Bxf8 20. Bxd5 Qxd5 21. Ke2
Bc5 22. Qc4 Qg2+ 23. Kd3 Bb4 24. Rad1 d5 25. Qd4 c5 26. Qe3 c4+ 27. bxc4 dxc4+
28. Kxc4 Qc2+ 29. Kb5 Rb8+ 30. Ka6 Qc6+ 31. Ka7 Qb7# 0-1

[Event "XXV OOM - Mistrzostwa Polski Juniorow Mlodszych - Chlopcy do lat 14"]
[Site "Sielpia"]
[Date "1899-12-30"]
[Round "7.18"]
[White "Ciszewski, Krzysztof"]
[Black "Wieczorek, Mikolaj"]
[Result "0-1"]
[WhiteTitle "II+"]
[BlackTitle "I"]
[WhiteElo "1612"]
[BlackElo "1752"]

1. d4 Nf6 2. c4 c5 3. d5 e6 4. Nc3 exd5 5. cxd5 d6 6. e4 g6 7. f4 Bg7 8. Bb5+ Nfd7
9. Nf3 a6 10. Bd3 b5 11. O-O O-O 12. Kh1 c4 13. Bc2 Nc5 14. f5 b4 15. Ne2 Re8
16. Ng3 Qa5 17. Nd4 b3 18. Bb1 Nbd7 19. Bd2 Qb6 20. Bc3 Na4 21. axb3 Nxc3 22.
bxc3 cxb3 23. Ra3 Nc5 24. f6 Bh6 25. Nxb3 Bd7 26. Nd4 Qb2 27. Ra2 Qxc3 28. Bc2
Qd2 29. Qxd2 Bxd2 30. Nb3 Nxb3 31. Bxb3 Bc3 32. Ba4 Bb5 33. Rf3 Be5 34. Bc2 Rac8
35. h4 Rc5 36. Kh2 Rec8 37. Bd3 Rc3 38. Bxb5 Rxf3 39. gxf3 axb5 40. Ra3 Bxf6 41.
Rb3 Rc2+ 42. Kh3 Rb2 43. Ra3 Be5 44. h5 Kg7 45. Kg4 b4 46. Ra7 Bxg3 47. Kxg3 Rb1
48. hxg6 hxg6 49. Rb7 b3 50. Kf4 Kf6 51. Rb6 g5+ 52. Ke3 b2 53. Ke2 Rh1 54. Rxd6+
Ke7 55. Rb6 b1=Q 56. Rxb1 Rxb1 57. Ke3 Rb3+ 58. Kf2 Kd6 59. Kg3 Ke5 60. Kg4 0-1

[Event "XXV OOM - Mistrzostwa Polski Juniorow Mlodszych - Chlopcy do lat 14"]
[Site "Sielpia"]
[Date "1899-12-30"]
[Round "7.19"]
[White "Mocko, Maciej"]
[Black "Topola, Rafal"]
[Result "1-0"]
[WhiteTitle "II"]
[BlackTitle "I"]
[WhiteElo "1430"]
[BlackElo "1664"]

1. e4 c6 2. d4 d5 3. Nc3 dxe4 4. Nxe4 Bf5 5. Ng3 Bg6 6. h4 h6 7. Nf3 e6 8. h5 Bh7
9. Bd3 Bxd3 10. Qxd3 Nd7 11. Bd2 Ngf6 12. O-O-O Be7 13. Kb1 c5 14. Ne4 O-O 15.
g4 cxd4 16. Rdg1 Nxe4 17. Qxe4 Nc5 18. Qxd4 Qxd4 19. Nxd4 Rad8 20. Nf3 Ne4 21.
Be3 a6 22. Rd1 Rxd1+ 23. Rxd1 Rd8 24. Rxd8+ Bxd8 25. Nd2 Nxd2+ 26. Bxd2 f5 27.
gxf5 exf5 28. Bf4 Kf7 29. c4 Kf6 30. Kc2 Bb6 31. f3 Bd4 32. b4 g5 33. hxg6 h5
34. Kd3 Bf2 35. a4 Kxg6 36. Ke2 Ba7 37. c5 a5 38. Be3 axb4 39. c6 Bb8 40. Ba7
b3 41. Kd3 b2 42. Kc2 Bc7 43. cxb7 Kg5 44. b8=Q Bxb8 45. Bxb8 f4 46. Ba7 Kh4 47.
Bf2+ Kh3 48. a5 Kg2 49. Bh4 Kxf3 50. a6 1-0

[Event "XXV OOM - Mistrzostwa Polski Juniorow Mlodszych - Chlopcy do lat 14"]
[Site "Sielpia"]
[Date "1899-12-30"]
[Round "7.20"]
[White "Taranowicz, Michal"]
[Black "Pisarek, Jan"]
[Result "1-0"]
[WhiteTitle "II+"]
[BlackTitle "I"]
[WhiteElo "1560"]
[BlackElo "1610"]

1. e4 c5 2. Nf3 d6 3. d4 cxd4 4. Nxd4 Nf6 5. Nc3 g6 6. Be3 Bg7 7. Bc4 Nc6 8. f3
O-O 9. Qd2 Bd7 10. O-O-O Rc8 11. Bb3 Ne5 12. h4 h5 13. Bh6 Bxh6 14. Qxh6 Rxc3
15. bxc3 Qc7 16. Kb1 a5 17. f4 Nc4 18. f5 gxf5 19. exf5 a4 20. Rh3 d5 21. Rdd3
Ne4 22. Rhg3+ Qxg3 23. Rxg3+ Nxg3 24. Bxc4 dxc4 25. Qg5+ Kh7 26. Qxg3 Rg8 27.
Qf3 Rg4 28. Qxb7 a3 29. Qxd7 Re4 30. Nf3 1-0

[Event "XXV OOM - Mistrzostwa Polski Juniorow Mlodszych - Chlopcy do lat 14"]
[Site "Sielpia"]
[Date "1899-12-30"]
[Round "7.21"]
[White "Sieczkowski, Adam"]
[Black "Matela, Krzysztof"]
[Result "0-1"]
[WhiteTitle "I+"]
[BlackTitle "I"]
[WhiteElo "1638"]
[BlackElo "1540"]

1. Nf3 c5 2. g3 Nc6 3. Bg2 d5 4. c4 Nf6 5. O-O g6 6. d4 cxd4 7. Nxd4 Bg7 8. Nc3
e6 9. Bg5 Nxd4 10. Qxd4 h6 11. Be3 O-O 12. Rfd1 Bd7 13. Qd2 dxc4 14. Bxh6 Bc6
15. Bxg7 Kxg7 16. Bxc6 bxc6 17. Qf4 Qb6 18. Qxc4 Qxb2 19. Rab1 Qa3 20. Rb3 Qa5
21. Rdb1 Nd5 22. Ne4 Qxa2 23. Qd4+ Kg8 24. Rb7 Qxe2 25. R1b2 Qe1+ 26. Kg2 a5 27.
Rd7 e5 28. Qc4 a4 29. Rbb7 Rad8 30. Rxd5 cxd5 31. Nf6+ Kg7 32. Qh4 Rh8 33. Qg5
Rxh2+ 34. Kxh2 Qxf2+ 35. Kh3 Rh8+ 36. Nh5+ Rxh5+ 37. Qxh5 gxh5 38. Rb1 Qf5+ 39.
Kh2 Qxb1 0-1

[Event "XXV OOM - Mistrzostwa Polski Juniorow Mlodszych - Chlopcy do lat 14"]
[Site "Sielpia"]
[Date "1899-12-30"]
[Round "7.22"]
[White "Szafranski, Maciej"]
[Black "Szlosarczyk, Hubert"]
[Result "1/2-1/2"]
[WhiteTitle "II+"]
[BlackTitle "II+"]
[WhiteElo "1503"]
[BlackElo "1620"]

1. e4 e6 2. d4 d5 3. Nc3 Bb4 4. e5 c5 5. a3 Bxc3+ 6. bxc3 Nc6 7. Qg4 g6 8. a4 Qa5
9. Bd2 Bd7 10. Nf3 Nge7 11. Bd3 c4 12. Be2 O-O-O 13. Qg5 h6 14. Qf6 Rh7 15. Qh4
Rdh8 16. O-O Nf5 17. Qh3 Qc7 18. Rfb1 b6 19. Rb2 Na5 20. Rbb1 Bc6 21. Bc1 Qd7
22. Rb4 g5 23. Qh5 Ng7 24. Qg4 Nf5 25. Qh5 Ng7 26. Qg4 Nf5 27. Qh5 Ng7 28. Qg4
Nf5 1/2-1/2

[Event "XXV OOM - Mistrzostwa Polski Juniorow Mlodszych - Chlopcy do lat 14"]
[Site "Sielpia"]
[Date "1899-12-30"]
[Round "7.23"]
[White "Goszyk, Bartosz"]
[Black "Lokaj, Bartlomiej"]
[Result "1/2-1/2"]
[WhiteTitle "II"]
[BlackTitle "II"]
[WhiteElo "1554"]
[BlackElo "1537"]

1. e4 e5 2. g3 Nc6 3. Bg2 Nf6 4. Nc3 Bc5 5. d3 d6 6. Nge2 Be6 7. Na4 Bb6 8. O-O
O-O 9. h3 d5 10. Nxb6 axb6 11. Bg5 dxe4 12. Bxe4 Bxh3 13. Re1 h6 14. Bxf6 Qxf6
15. Nc3 Be6 16. Bxc6 bxc6 17. Qh5 Rae8 18. Qxe5 Qxe5 19. Rxe5 f6 20. Re3 Kf7 21.
Rae1 Re7 22. Kg2 Rfe8 23. b3 Bg4 24. Rxe7+ Rxe7 25. Rxe7+ Kxe7 26. f3 Bd7 27.
Kf2 Ke6 28. Ke3 c5 29. a4 h5 30. Ne2 g5 31. d4 cxd4+ 32. Nxd4+ Kd5 33. c3 f5 34.
f4 g4 35. Kd3 c6 36. b4 c5 37. bxc5 bxc5 38. c4+ Kd6 39. Nb5+ Bxb5 40. axb5 Ke5
41. Ke4+ 1/2-1/2

[Event "XXV OOM - Mistrzostwa Polski Juniorow Mlodszych - Chlopcy do lat 14"]
[Site "Sielpia"]
[Date "1899-12-30"]
[Round "7.24"]
[White "Wojtasik, Szymon"]
[Black "Madajczak, Piotr"]
[Result "1/2-1/2"]
[WhiteTitle "II"]
[BlackTitle "I"]
[WhiteElo "1379"]
[BlackElo "1549"]

1. e4 c5 2. Nf3 Nc6 3. d4 cxd4 4. Nxd4 g6 5. c4 Bg7 6. Be3 Nf6 7. Nc3 O-O 8. Be2
d6 9. O-O Bd7 10. Qd2 Nxd4 11. Bxd4 Bc6 12. Bd3 Nd7 13. Bxg7 Kxg7 14. Rae1 a5
15. Re3 Nf6 16. b3 Qb6 17. Bb1 a4 18. Nd5 Bxd5 19. exd5 Qc7 20. Rfe1 Rfe8 21.
Rh3 h5 22. f4 axb3 23. axb3 Qb6+ 24. Kf1 Qa5 25. Qf2 b5 26. f5 bxc4 27. bxc4 Qb4
28. Bd3 Ng4 29. Qd4+ Ne5 30. fxg6 fxg6 31. Rb1 Qd2 32. Rg3 Rf8+ 33. Kg1 Rf6 34.
Qe3 Qxe3+ 35. Rxe3 Ra3 36. Rd1 Rf4 37. Rg3 Rxd3 38. Rgxd3 Nxd3 39. Rxd3 Rxc4 40.
Kf2 Kf6 41. Kf3 e6 42. dxe6 Kxe6 43. Ra3 Ke5 44. Re3+ Kd5 45. Re8 Rg4 46. Re1
Kc5 47. Rc1+ Rc4 48. Re1 d5 49. Re5 Rb4 50. Rg5 Rb6 51. Ke3 Kc4 52. Kd2 d4 53.
Kc2 Re6 54. Kd2 Rf6 55. Ke1 Kd3 56. Rd5 Ra6 57. h3 Ra1+ 58. Kf2 Ra2+ 59. Kf3 Kc3
60. Rc5+ Kd2 61. Rd5 d3 62. Ke4 Ra4+ 63. Kf3 Kc2 64. Ke3 Ra3 65. Rd6 Ra7 66. Rc6+
Kd1 67. Kxd3 1/2-1/2

[Event "XXV OOM - Mistrzostwa Polski Juniorow Mlodszych - Chlopcy do lat 14"]
[Site "Sielpia"]
[Date "1899-12-30"]
[Round "7.25"]
[White "Wnek, Filip"]
[Black "Skrzypczynski, Kacper"]
[Result "1-0"]
[WhiteTitle "I+"]
[BlackTitle "II"]
[WhiteElo "1733"]
[BlackElo "1291"]

1. e4 c5 2. Nf3 Nc6 3. d4 cxd4 4. Nxd4 e6 5. Nc3 Be7 6. Be2 d6 7. O-O Nf6 8. Be3
O-O 9. f4 Nxd4 10. Qxd4 Qc7 11. Rf3 e5 12. Qd3 Rd8 13. f5 b6 14. Rg3 Bb7 15. Bh6
g6 16. Bf3 Bf8 17. Bxf8 Kxf8 18. Qd2 Qc5+ 19. Kh1 Ke7 20. Qg5 gxf5 21. Qxf5 Rg8
22. Qh3 Rxg3 23. Qxg3 Rg8 24. Qh4 Qb4 25. Rf1 Rg6 26. Bh5 Qc4 27. Kg1 Qd4+ 28.
Kh1 Qc4 29. Kg1 Qd4+ 30. Kh1 Qc4 31. Rf3 Rh6 32. Qg5 Bxe4 33. Rf2 Rxh5 34. Qxf6+
Kd7 35. Nxe4 Qxe4 36. Qxf7+ Kc6 37. Qe8+ Kc5 38. Qc8+ Kb5 39. Qc3 Rh3 40. a4+
Ka6 41. Qc8+ Ka5 42. Kg1 Re3 43. h3 Qd4 44. Qf5 Qe4 45. Qc8 Qd4 46. Qf5 Qe4 47.
Qxe4 Rxe4 48. Rd2 Kxa4 49. Rxd6 Rh4 50. Kf2 Rb4 51. b3+ Ka3 52. Rd7 Kb2 53. Rxa7
Kxc2 54. Rxh7 Rxb3 55. g4 Rd3 56. g5 Rd8 57. h4 Kd3 58. h5 e4 59. g6 e3+ 60. Ke1
Rc8 61. Rd7+ Ke4 62. h6 Kf5 63. Rd6 b5 64. g7 b4 65. h7 Ke4 66. g8=Q Rc1+ 67.
Ke2 Rc2+ 68. Kd1 Kd5 1-0

[Event "XXV OOM - Mistrzostwa Polski Juniorow Mlodszych - Chlopcy do lat 14"]
[Site "Sielpia"]
[Date "1899-12-30"]
[Round "7.26"]
[White "Blazniak, Bartlomiej"]
[Black "Dembicki, Karol"]
[Result "1-0"]
[WhiteTitle "I"]
[BlackTitle "II"]
[WhiteElo "1518"]
[BlackElo "1316"]

1. d4 d5 2. c4 e6 3. Nc3 Nf6 4. Bg5 c6 5. e3 Nbd7 6. cxd5 exd5 7. Bd3 Bd6 8. Nf3
O-O 9. O-O Qc7 10. Rc1 Re8 11. Bf5 Ne4 12. Nxd5 Qa5 13. Bxe4 Rxe4 14. Nc3 Rg4
15. Bh4 Rg6 16. d5 cxd5 17. Qxd5 Qb4 18. Bg3 Bxg3 19. hxg3 Qb6 20. Qb5 Qe6 21.
Nd4 Qe7 22. Nd5 Qd8 23. Qb4 Kh8 24. Qe7 Qg8 25. Qb4 Rg5 26. Nc7 Rb8 27. Rfd1 Nf6
28. Nc6 Bg4 29. Nxb8 Bxd1 30. Rxd1 Qxb8 31. Qe7 Nd5 32. Qxg5 Qxc7 33. Qxd5 b6
34. Qd8+ Qxd8 35. Rxd8# 1-0

[Event "XXV OOM - Mistrzostwa Polski Juniorow Mlodszych - Chlopcy do lat 14"]
[Site "Sielpia"]
[Date "1899-12-30"]
[Round "8.1"]
[White "Luberanski, Jakub"]
[Black "Poltorak, Sebastian"]
[Result "0-1"]
[WhiteTitle "I+"]
[BlackTitle "I+"]
[WhiteElo "2023"]
[BlackElo "1962"]

1. e4 c6 2. d4 d5 3. Nc3 dxe4 4. Nxe4 Bf5 5. Ng3 Bg6 6. h4 h6 7. Nf3 Nd7 8. h5
Bh7 9. Bd3 Bxd3 10. Qxd3 e6 11. Bd2 Ngf6 12. O-O-O Be7 13. Ne4 Nxe4 14. Qxe4 Nf6
15. Qe2 Qd5 16. c4 Qe4 17. Rde1 Qxe2 18. Rxe2 Rd8 19. Bc3 O-O 20. Ne5 c5 21. dxc5
Bxc5 22. g4 Bd4 23. Bxd4 Rxd4 24. f3 Rfd8 25. b3 Nd7 26. Nxd7 R8xd7 27. Rhh2 Kf8
28. Rd2 Ke7 29. Rxd4 Rxd4 30. Rd2 Rf4 31. Rd3 f5 32. gxf5 Rxf5 33. Kd2 Rxh5 34.
Ke3 Rh2 35. a3 g5 36. c5 h5 37. Kd4 h4 38. b4 h3 39. b5 Ra2 40. Kc4 Rc2+ 41. Kb4
h2 42. Rd1 Rg2 43. Rh1 e5 44. Kc4 e4 45. c6 bxc6 46. bxc6 Kd6 47. Kb5 Rb2+ 48.
Kc4 exf3 49. Kd4 Kxc6 50. Ke4 g4 51. Kf4 Rg2 52. Ke3 g3 53. Kxf3 Rg1 0-1

[Event "XXV OOM - Mistrzostwa Polski Juniorow Mlodszych - Chlopcy do lat 14"]
[Site "Sielpia"]
[Date "1899-12-30"]
[Round "8.2"]
[White "Luczak, Filip"]
[Black "Chyzy, Jakub"]
[Result "1/2-1/2"]
[WhiteTitle "CM"]
[BlackTitle "k"]
[WhiteElo "2071"]
[BlackElo "2140"]

1. d4 d5 2. c4 e5 3. dxe5 d4 4. Nf3 Nc6 5. g3 Nge7 6. Bg2 Ng6 7. O-O Ngxe5 8. Qb3
Nxf3+ 9. Bxf3 Qf6 10. Nd2 Be7 11. Ne4 Qe6 12. Bf4 Qd7 13. Qb5 a6 14. Qd5 Nb4 15.
Qxd7+ Kxd7 16. Rad1 c5 17. e3 f5 18. Nc3 Nc6 19. exd4 cxd4 20. Ne2 Bc5 21. Be3
Kc7 22. Nxd4 Nxd4 23. Bxd4 Bxd4 24. Rxd4 Be6 25. Rfd1 Rhe8 26. a3 Re7 27. Kg2
Rae8 28. R1d2 Bc8 29. h4 Re1 30. Rd1 R1e5 31. b4 g6 32. c5 Re1 33. R1d3 Ra1 34.
Rd6 Rc1 35. Rf6 Re7 36. Rfd6 Rc2 37. Rd2 Rc3 38. R6d3 Rc1 39. Re2 Re1 40. Rxe7+
Rxe7 41. Re3 Rxe3 42. fxe3 h6 43. Bd5 g5 44. Kf3 b6 45. hxg5 hxg5 46. e4 a5 47.
cxb6+ Kxb6 48. exf5 Bxf5 49. bxa5+ Kxa5 50. Bb3 Kb5 51. Ke3 Kc5 52. a4 Kb4 53.
Bd1 Kc5 54. Be2 Kb4 55. Bd3 Bg4 56. Bb5 Be6 57. Kd4 Bg4 58. Ke5 Bd1 59. Kf6 g4
60. Bd7 Bf3 61. Kg5 Bd1 62. Kf4 Ka5 63. Bxg4 Bxa4 64. Bf3 Kb6 65. g4 Kc7 66. Ke5
Kd8 67. Kf6 Ke8 68. g5 Bc2 69. Kg7 Ke7 70. Bh5 Bd3 71. Bg6 Bb5 72. Bc2 Bc6 73.
Kg8 Be8 74. Bf5 Bf7+ 75. Kg7 Be8 76. Bg4 Bc6 77. Kh6 Be4 78. g6 Bxg6 79. Kxg6
1/2-1/2

[Event "XXV OOM - Mistrzostwa Polski Juniorow Mlodszych - Chlopcy do lat 14"]
[Site "Sielpia"]
[Date "1899-12-30"]
[Round "8.3"]
[White "Kacprzak, Kacper"]
[Black "Karolczuk, Iwo"]
[Result "1/2-1/2"]
[WhiteTitle "I"]
[BlackTitle "I++"]
[WhiteElo "1841"]
[BlackElo "2055"]

1. e4 c5 2. Nf3 e6 3. d4 cxd4 4. Nxd4 a6 5. Bd3 Nf6 6. O-O d6 7. Nc3 Qc7 8. a4
b6 9. Be3 Bb7 10. f4 Nbd7 11. f5 e5 12. Nb3 h5 13. h3 Be7 14. Qf3 Nc5 15. Nxc5
dxc5 16. Bc4 Bc6 17. Rfd1 Qb7 18. Nd5 h4 19. Nxf6+ Bxf6 20. Bd5 O-O 21. b3 Rfd8
22. c4 Rac8 23. Ra2 Bxd5 24. Rxd5 Rxd5 25. exd5 a5 26. Qe4 Qe7 27. Rd2 Rd8 28.
Re2 Re8 29. Rd2 Rd8 30. Re2 Re8 31. Rd2 1/2-1/2

[Event "XXV OOM - Mistrzostwa Polski Juniorow Mlodszych - Chlopcy do lat 14"]
[Site "Sielpia"]
[Date "1899-12-30"]
[Round "8.4"]
[White "Ochedzan, Tymon"]
[Black "Dzida, Kamil"]
[Result "1/2-1/2"]
[WhiteTitle "CM"]
[BlackTitle "I++"]
[WhiteElo "2090"]
[BlackElo "1877"]

1. e4 c5 2. Nf3 d6 3. d4 cxd4 4. Nxd4 Nf6 5. Nc3 a6 6. Bg5 e6 7. f4 Be7 8. Qf3
Qc7 9. O-O-O Nbd7 10. g4 Rb8 11. Kb1 b5 12. Bxf6 Bxf6 13. g5 Bxd4 14. Rxd4 b4
15. Ne2 Rb6 16. Rd2 Bb7 17. Nd4 Nc5 18. Bd3 O-O 19. f5 d5 20. e5 Qxe5 21. fxe6
Nxe6 22. Nf5 Nf4 23. Rf1 Nxd3 24. Rxd3 d4 25. Qf4 Qxf4 26. Rxf4 f6 27. Rdxd4 Re6
28. Rd1 fxg5 29. Rxb4 Rxf5 30. Rxb7 h5 31. c4 g4 32. Rc1 h4 33. c5 Rc6 34. b4
g3 35. hxg3 hxg3 36. Rb6 Rxb6 37. cxb6 g2 38. b7 Rb5 39. a3 Rxb7 40. Rg1 a5 41.
Rxg2 axb4 42. axb4 Rxb4+ 43. Kc2 Rd4 44. Kc3 Rd6 45. Kc4 Rd8 46. Rg1 Rd7 47. Kc5
Kf7 48. Rf1+ Kg6 49. Rg1+ Kf7 50. Rf1+ Kg8 51. Rg1 Kf8 52. Rf1+ Rf7 53. Rg1 Rf5+
54. Kd4 Kf7 55. Ke4 g6 56. Rg4 Ra5 57. Rf4+ Ke6 58. Kf3 g5 59. Rb4 Kf5 60. Rb3
Ra4 61. Ke4+ Ke5+ 1/2-1/2

[Event "XXV OOM - Mistrzostwa Polski Juniorow Mlodszych - Chlopcy do lat 14"]
[Site "Sielpia"]
[Date "1899-12-30"]
[Round "8.5"]
[White "Turski, Bartlomiej"]
[Black "Babiarz, Arkadiusz"]
[Result "1-0"]
[WhiteTitle "I"]
[BlackTitle "I++"]
[WhiteElo "1982"]
[BlackElo "1839"]

1. e4 c5 2. Nf3 e6 3. d4 cxd4 4. Nxd4 a6 5. Bd3 Bc5 6. Nb3 Ba7 7. O-O Ne7 8. Qe2
O-O 9. Be3 Bxe3 10. Qxe3 Nbc6 11. Nc3 d6 12. f4 Qc7 13. Rad1 Bd7 14. Rf3 Rad8
15. f5 f6 16. fxe6 Bxe6 17. Nd5 Bxd5 18. exd5 Ne5 19. Rh3 Nxd3 20. Qxd3 Ng6 21.
Qf5 Rfe8 22. Qh5 Nf8 23. Nd4 Re5 24. Qf3 Qc5 25. Qb3 b5 26. Rc3 Qxd5 27. Nc6 Qxb3
28. axb3 Rde8 29. Nxe5 dxe5 30. Rc6 Ne6 31. Rxa6 Nd4 32. c3 Nxb3 33. Rb6 Na5 34.
Rxb5 Nc4 35. Rb7 e4 36. Rdd7 e3 37. Rxg7+ Kh8 38. Rxh7+ Kg8 39. Rbg7+ Kf8 40.
Rh8+ 1-0

[Event "XXV OOM - Mistrzostwa Polski Juniorow Mlodszych - Chlopcy do lat 14"]
[Site "Sielpia"]
[Date "1899-12-30"]
[Round "8.6"]
[White "Iwaszkiewicz, Krzysztof"]
[Black "Grzesik, Gracjan"]
[Result "0-1"]
[WhiteTitle "I"]
[BlackTitle "I"]
[WhiteElo "1651"]
[BlackElo "1904"]

1. d4 Nf6 2. Bf4 b6 3. Nc3 Bb7 4. f3 d5 5. e4 e6 6. e5 Nfd7 7. Nb1 c5 8. c3 a6
9. Nd2 Nc6 10. Be3 b5 11. f4 Qb6 12. Ngf3 b4 13. Rc1 c4 14. Be2 Be7 15. O-O O-O
16. Bf2 bxc3 17. bxc3 Qa5 18. Qc2 Na7 19. f5 Bc6 20. f6 gxf6 21. Bh4 Ba4 22. Nb3
Qd8 23. Qd2 f5 24. Bxe7 Qxe7 25. Na1 Kh8 26. Kh1 Rab8 27. Ng1 f6 28. Rf3 fxe5
29. dxe5 Nxe5 30. Rh3 Nac6 31. Re1 Rg8 32. Nf3 Ng4 33. Bd1 Bxd1 34. Rxd1 Qc5 35.
Rf1 Qe3 36. Qc2 Qd3 37. Qxd3 cxd3 38. Nb3 Ne3 39. Ng5 Rxg5 40. Rxe3 e5 41. Rxd3
Rb5 42. Rdf3 f4 43. g3 fxg3 44. hxg3 Na5 45. Rf7 Rg7 46. Rf8+ Rg8 47. R8f7 Nxb3
48. axb3 Rxb3 49. Rc7 Rb6 50. Rff7 Rxg3 51. Rxh7+ Kg8 52. Rh5 Rbg6 53. Rc8+ Kf7
54. Rc7+ Ke6 55. Rc6+ Kd7 56. Rxg6 Rxg6 57. Rxe5 Kc6 58. Kh2 Kc5 59. Kh3 Kc4 60.
Kh2 a5 61. Rf5 Ra6 62. Kg2 a4 63. Kf2 a3 64. Ke3 a2 65. Rf4+ Kxc3 66. Kd4+ 0-1